|
|
|
|
| LEADER |
00000nam0a2200000 4500 |
| 001 |
324431 |
| 005 |
20231102003652.0 |
| 035 |
|
|
|a (RuTPU)RU\TPU\book\350029
|
| 090 |
|
|
|a 324431
|
| 100 |
|
|
|a 20161116d1970 m y0rusy50 ca
|
| 101 |
0 |
|
|a rus
|
| 102 |
|
|
|a RU
|
| 105 |
|
|
|a y z 000zy
|
| 200 |
1 |
|
|a Политическая экономия капитализма в вопросах и ответах
|f М. А. Ильин, М. А. Рабинович
|
| 205 |
|
|
|a 2-е изд.
|
| 210 |
|
|
|a Москва
|c Политиздат
|d 1970
|
| 215 |
|
|
|a 239 с.
|
| 606 |
1 |
|
|a Политическая экономия, буржуазная
|x Методология
|2 stltpush
|3 (RuTPU)RU\TPU\subj\36634
|9 57945
|
| 610 |
1 |
|
|a капитализм
|
| 610 |
1 |
|
|a категории
|
| 610 |
1 |
|
|a производство
|
| 610 |
1 |
|
|a монополизм
|
| 610 |
1 |
|
|a империализм
|
| 610 |
1 |
|
|a собственность
|
| 610 |
1 |
|
|a вопросы
|
| 610 |
1 |
|
|a ответы
|
| 686 |
|
|
|a У013.5
|v LBC/SL-A
|2 rubbk
|
| 700 |
|
1 |
|a Ильин
|b М. А.
|g Михаил Александрович
|
| 701 |
|
1 |
|a Рабинович
|b М. А.
|g Михаил Аронович
|
| 801 |
|
1 |
|a RU
|b 63413507
|c 20161116
|
| 801 |
|
2 |
|a RU
|b 63413507
|c 20190904
|g RCR
|
| 942 |
|
|
|c BK
|